Concept of Proxemics in Nonverbal Communication
Celkový náhľad na pojem priestor v neverbálnej komunikácii. Poukázanie na vzdialenosť z pohľadu vertikálneho ako aj horizontálneho. Pojem osobný priestor. Priestor z hľadiska vnímania okolia človekom.
Saved in:
| Main Author: | |
|---|---|
| Format: | Book Chapter |
| Language: | English |
| Subjects: | |
| Tags: |
No Tags, Be the first to tag this record!
|
MARC
| LEADER | 00000naa a2200000 4500 | ||
|---|---|---|---|
| 001 | 0250486 | ||
| 005 | 20240502074021.0 | ||
| 041 | 0 | |a eng | |
| 044 | |a SK | ||
| 245 | 1 | 0 | |a Concept of Proxemics in Nonverbal Communication |c Žaneta Pavlíková |
| 520 | |a Celkový náhľad na pojem priestor v neverbálnej komunikácii. Poukázanie na vzdialenosť z pohľadu vertikálneho ako aj horizontálneho. Pojem osobný priestor. Priestor z hľadiska vnímania okolia človekom. | ||
| 610 | 2 | 0 | |a jazyky cudzie |
| 610 | 2 | 0 | |a angličtina |
| 610 | 2 | 0 | |a komunikácia neverbálna |
| 610 | 2 | 0 | |a kultúra |
| 100 | 1 | |a Pavlíková, Žaneta, 1973- | |